00484 a2200169 450000100060000002000060000604000370001210000190004924000440006824500390011230000110015136200090016265000310017194200070020295200880020999900170029771480 a  cAnchieta - Colégio São Paulo aRocha, Kátia10aPode entrar: a porta está abertalpor10aPode entrar: a porta está aberta a[32p.]0 a2004 4aLiteratura infanto-juvenil cBK 00104070a88.1b88.1d2023-11-22l0p618/CSPr2023-11-22 14:27:42w2023-11-22yBK c71480d71480